[Event "Burjassot U2200 op 4th"]
[Site "Burjassot"]
[Date "2016.09.16"]
[Round "2.33"]
[White "Mora Catano, Miquel"]
[Black "Lardin Quintanilla, Eusebio"]
[Result "0-1"]
[WhiteElo "1227"]
[BlackElo "1422"]
[PlyCount "38"]
[EventDate "2016.09.09"]
[EventType "swiss"]
[EventRounds "7"]
[EventCountry "ESP"]
[SourceTitle "EXT 2024"]
[Source "ChessBase"]
[SourceDate "2023.10.10"]
[SourceVersion "1"]
[SourceVersionDate "2023.10.10"]
[SourceQuality "1"]

1. e4 e5 2. Nf3 d6 3. d4 exd4 4. Nxd4 Nf6 5. Nc3 Be7 6. Be2 Bd7 7. 0-0 c5 8. Nf3 Nc6 9. Nd5 Nxe4 10. Nxe7 Nxe7 11. Qd3 f5 12. Qc4 a6 13. Bd3 Bb5 14. Qb3 Qd7 15. Bxe4 Bxf1 16. Kxf1 fxe4 17. Ng5 0-0-0 18. Nf7 Qg4 19. Nxh8 Qd1# 0-1

[Event "Valencia Torrefiel U2200 1st"]
[Site "Valencia"]
[Date "2014.11.01"]
[Round "5.12"]
[White "Lardin Quintanilla, Eusebio"]
[Black "Garcia Gimenez, Santiago"]
[Result "0-1"]
[WhiteElo "1463"]
[BlackElo "1661"]
[PlyCount "64"]
[EventDate "2014.10.31"]
[EventType "swiss"]
[EventRounds "7"]
[EventCountry "ESP"]
[SourceTitle "EXT 2024"]
[Source "ChessBase"]
[SourceDate "2023.10.10"]
[SourceVersion "1"]
[SourceVersionDate "2023.10.10"]
[SourceQuality "1"]

1. e4 e5 2. Nf3 Nc6 3. Nc3 Nf6 4. d4 exd4 5. Nxd4 Bb4 6. Nxc6 bxc6 7. Bd2 Qe7 8. Bd3 0-0 9. 0-0 h6 10. a3 Bc5 11. Re1 d6 12. h3 Bd7 13. Rb1 Rae8 14. b4 Bb6 15. a4 a5 16. b5 Nh7 17. bxc6 Bxc6 18. Nd5 Bxd5 19. exd5 Qh4 20. Be3 Bxe3 21. fxe3 f5 22. Rb7 Re7 23. Rf1 Qg5 24. Qf3 Rxe3 25. Qf2 f4 26. Rxc7 Rg3 27. Kh2 Qh4 28. Qd4 Qg5 29. Be4 Nf6 30. Bf3 Qh4 31. Bg4 Nxg4+ 32. Kg1 Rxg2+ 0-1